La otra arquitectura moderna : (Registro nro. 62631)

Detalles MARC
000 -LEADER
campo de control de longitud fija 02554cam a2200385 i 4500
003 - IDENTIFICADOR DE NÚMERO DE CONTROL
campo de control PE-LiUPU
005 - FECHA Y HORA DE LA ÚLTIMA TRANSACCIÓN
campo de control 20250731183448.0
008 - DATOS DE LONGITUD FIJA--INFORMACIÓN GENERAL
campo de control de longitud fija 240926b |||||||| |||| 00| 0 spa d
020 ## - NÚMERO INTERNACIONAL ESTÁNDAR DEL LIBRO
Número Internacional Estándar del Libro 9788429121292
Información calificativa paperback
040 ## - FUENTE DE CATALOGACIÓN
Centro catalogador/agencia de origen C3L
Lengua de catalogación eng
Centro/agencia transcriptor PE-LiUPU
Normas de descripción rda
Centro/agencia modificador PE-LiUPU
050 00 - SIGNATURA TOPOGRÁFICA DE LA BIBLIOTECA DEL CONGRESO
Número de clasificación NA680
Número de ítem .R58 2017
082 ## - NÚMERO DE LA CLASIFICACIÓN DECIMAL DEWEY
Número de edición 23
Número de clasificación 724
Cutter R621o
100 1# - ENTRADA PRINCIPAL--NOMBRE DE PERSONA
Nombre de persona Rivera, David,
Fechas asociadas al nombre 1970-
Término indicativo de función/relación autor.
245 13 - MENCIÓN DEL TÍTULO
Título La otra arquitectura moderna :
Resto del título expresionistas, matafísicos y clasicistas, 1910-1950 /
Mención de responsabilidad, etc. David Rivera ; prólogo, Paul Goldberger ; edición, Jorge Sainz.
264 #1 - PRODUCCIÓN, PUBLICACIÓN, DISTRIBUCIÓN, FABRICACIÓN Y COPYRIGHT
Producción, publicación, distribución, fabricación y copyright Barcelona :
Nombre del de productor, editor, distribuidor, fabricante Editorial Reverté,
Fecha de producción, publicación, distribución, fabricación o copyright 2017.
264 #4 - PRODUCCIÓN, PUBLICACIÓN, DISTRIBUCIÓN, FABRICACIÓN Y COPYRIGHT
Fecha de producción, publicación, distribución, fabricación o copyright ©2017
300 ## - DESCRIPCIÓN FÍSICA
Extensión 367 páginas :
Otras características físicas illustraciones ;
Dimensiones 24 centímetros.
336 ## - TIPO DE CONTENIDO
Término de tipo de contenido text
Código de tipo de contenido txt
Fuente rdacontent
337 ## - TIPO DE MEDIO
Nombre/término del tipo de medio unmediated
Código del tipo de medio n
Fuente rdamedia
338 ## - TIPO DE SOPORTE
Nombre/término del tipo de soporte volume
Código del tipo de soporte nc
Fuente rdacarrier
490 1# - MENCIÓN DE SERIE
Mención de serie (Estudios universitarios de arquitectura ;
Designación de volumen o secuencia 29)
504 ## - NOTA DE BIBLIOGRAFÍA, ETC.
Nota de bibliografía, etc. Incluye referencias bibliográficas (páginas 341-348) e índice.
505 ## - NOTA DE CONTENIDO CON FORMATO
Nota de contenido con formato Los alquimistas de Cubismo Checo -- Ámsterdam desencadenada -- El expresionismo: orgánico y cristalino -- Zigurats para el progreso colectivo -- El clasismo progresivo de Lutyens y Plecnik -- El clasismo diagramático en Berlín y París -- El clasismo moderno en Italia -- La metrópolis del mañana -- La épica obrera de la Viena Roja -- El optimismo del Art Déco -- La arquitectura del nazismo -- El Realismo Socialista en Moscú.
520 8# - RESUMEN, ETC.
Sumario, etc. Este libro trata de los estilos y las tendencias de la primera mitad del siglo XX que están ausentes o son marginales en las historias de la arquitectura moderna, pero que fueron importantes e influyentes en la época en la que nacieron. 0En el texto se analizan los movimientos expresionistas y simbolistas tanto como los estilos épicos modernos, el Futurismo, el Art Déco, el Novecento, la arquitectura metafísica, el monumentalismo industrial babilónico y los diversos tipos de clasicismo. Con ello se pretende restituir toda su riqueza y complejidad a la historia de la arquitectura moderna y reconocer a una serie de grandes arquitectos (Michel de Klerk, Edwin Lutyens, Raymond Hood o Joze Plecnik entre ellos) la importancia de su contribución.
526 ## - NOTA DE INFORMACIÓN SOBRE EL PROGRAMA DE ESTUDIO
Nombre del programa Maestría Bim Facility Management (A distancia)
526 ## - NOTA DE INFORMACIÓN SOBRE EL PROGRAMA DE ESTUDIO
Nombre del programa
526 ## - NOTA DE INFORMACIÓN SOBRE EL PROGRAMA DE ESTUDIO
Nombre del programa Educación musical y artes
526 ## - NOTA DE INFORMACIÓN SOBRE EL PROGRAMA DE ESTUDIO
Nombre del programa Educación, especialidad educación física
526 ## - NOTA DE INFORMACIÓN SOBRE EL PROGRAMA DE ESTUDIO
Nombre del programa Arquitectura
650 14 - PUNTO DE ACCESO ADICIONAL DE MATERIA--TÉRMINO DE MATERIA
Término de materia o nombre geográfico como elemento de entrada Arquitectura moderna
Subdivisión cronológica Siglo XX.
9 (RLIN) 548
700 1# - ENTRADA AGREGADA--NOMBRE PERSONAL
Nombre de persona Sainz, Jorge,
Término indicativo de función/relación editor.
700 1# - ENTRADA AGREGADA--NOMBRE PERSONAL
Nombre de persona Goldberger, Paul,
Término indicativo de función/relación prologuista.
942 ## - ELEMENTOS DE ENTRADA SECUNDARIOS (KOHA)
Fuente del sistema de clasificación o colocación Clasificación Decimal Dewey
Tipo de ítem Koha Libros físicos
Suprimir en OPAC No
980 ## - EQUIVALENCIA O REFERENCIA-CRUZADA-MENCIÓN DE SERIE--NOMBRE DE PERSONA/TÍTULO [LOCAL, CANADÁ]
ID del usuario creador del registro 18226
Nombre del creador del registro Jaime Vilcazán Jefe de Análisis Documental
ID del último usuario que modificó el registro 1
Nombre del último usuario que modificó el registro ALBERTO SANCHEZ Responsable de Automatización
Existencias
Visto por última vez Total de préstamos Signatura topográfica completa Código de barras Copia número Coste, precio de reemplazo Fecha de reemplazo Facultad Tipo de ítem Koha Estado de pérdida Fuente del sistema de clasificación o colocación Restricciones de uso No para préstamo Colección Programa académico Biblioteca de origen Biblioteca actual Ubicación en estantería Fecha de adquisición Fuente de adquisición Coste, precio normal de compra
2025-12-03   724 R621o 82273 e1 45.52 2024-09-26 FIA Libros físicos No Perdido Clasificación Decimal Dewey No restringido Disponible para préstamos Colección General Arquitectura Biblioteca CRAI UPeU Lima Biblioteca CRAI UPeU Lima Sala principal 2024-09-16 Compra, San Cristóbal 40.52